[Event "Benidorm 2003 - sub2300"]
[Site "Benidorm ESP"]
[Date "2003.11.21"]
[Round "1.67"]
[White "Andersen, Alf R"]
[Black "Dura Olmos, Gines Raul"]
[Result "0-1"]
[WhiteElo "2192"]
[BlackElo "2056"]
[PlyCount "66"]
[EventDate "2003.11.21"]
[EventType "swiss"]
[EventRounds "9"]
[EventCountry "ESP"]
[Source "lmi"]
[SourceDate "2003.11.21"]

1. e4 e5 2. Nf3 Nc6 3. d4 exd4 4. Nxd4 Bc5 5. Be3 Qf6 6. c3 Nge7 7. Bc4 d6 8.
O-O Ne5 9. Be2 Bd7 10. Nb5 O-O-O 11. Bd4 h5 12. Nxa7+ Kb8 13. Nb5 Qf4 14. Nd2
f5 15. b4 Bxd4 16. cxd4 Ng4 17. g3 Qh6 18. h4 g5 19. hxg5 Qxg5 20. Nf3 Qg7 21.
Qc2 Bxb5 22. Bxb5 h4 23. Rfc1 c6 24. Bd3 hxg3 25. fxg3 Qh6 26. Nh4 Qe3+ 27. Kg2
fxe4 28. Bxe4 Rdf8 29. Rf1 Qxd4 30. Kh3 Nf2+ 31. Rxf2 Rxf2 32. Rd1 Rxh4+ 33.
Kxh4 Qh8+ 0-1

[Event "Benidorm 2003 - sub2300"]
[Site "Benidorm ESP"]
[Date "2003.11.21"]
[Round "1.68"]
[White "Garcia Gata, Jorge David"]
[Black "Lada, Ireneusz"]
[Result "0-1"]
[WhiteElo "2055"]
[BlackElo "2192"]
[PlyCount "88"]
[EventDate "2003.11.21"]
[EventType "swiss"]
[EventRounds "9"]
[EventCountry "ESP"]
[Source "lmi"]
[SourceDate "2003.11.21"]

1. d4 d6 2. c4 e5 3. Nf3 e4 4. Ng5 f5 5. Nc3 Nf6 6. h4 Be7 7. Qb3 O-O 8. c5+ d5
9. Bf4 c6 10. O-O-O Ng4 11. Nh3 b6 12. f3 Nf6 13. e3 Na6 14. Qa4 b5 15. Qb3 Nc7
16. Be2 a5 17. fxe4 fxe4 18. Rdg1 Ba6 19. Ng5 b4 20. Ncxe4 Nxe4 21. Bxa6 Bxg5
22. Bxg5 Nxg5 23. hxg5 Nxa6 24. Rxh7 Qxg5 25. Qd3 Qf5 26. Qxf5 Rxf5 27. Rgh1
Kf7 28. g4 Rf2 29. R1h5 Nc7 30. Rg5 Ne6 31. Re5 b3 32. axb3 Rb8 33. Rf5+ Rxf5
34. gxf5 Ng5 35. Rh5 Kf6 36. Kc2 Kxf5 37. Rh1 Re8 38. Kd3 Ne4 39. Rf1+ Kg4 40.
Ra1 Rh8 41. Rg1+ Ng3 42. Ra1 Rh2 43. b4 Ne4 44. Rg1+ Kh5 0-1

[Event "Benidorm 2003 - sub2300"]
[Site "Benidorm ESP"]
[Date "2003.11.21"]
[Round "1.71"]
[White "Gabaldon Gomez, Miguel Angel"]
[Black "Torras Campdelacreu, Xavier"]
[Result "1-0"]
[WhiteElo "2186"]
[BlackElo "2052"]
[PlyCount "67"]
[EventDate "2003.11.21"]
[EventType "swiss"]
[EventRounds "9"]
[EventCountry "ESP"]
[Source "lmi"]
[SourceDate "2003.11.21"]

1. d4 d5 2. Nf3 Nf6 3. c4 c6 4. Nc3 dxc4 5. a4 Na6 6. Ne5 Be6 7. e4 Nb4 8. Nxc4
Qxd4 9. Be3 Qxd1+ 10. Kxd1 Ng4 11. h3 Rd8+ 12. Kc1 Bxc4 13. hxg4 Bxf1 14. Rxf1
b6 15. a5 c5 16. Nb5 a6 17. Nc7+ Kd7 18. axb6 Kc6 19. Nxa6 Nxa6 20. Rxa6 Kb5
21. Ra2 e5 22. Rd1 Be7 23. Ra7 Rxd1+ 24. Kxd1 Rd8+ 25. Kc2 Bf8 26. Rxf7 Kxb6
27. Bg5 Re8 28. Rd7 Kc6 29. Rd8 Rxd8 30. Bxd8 Kd7 31. Ba5 Kc6 32. Kd3 Kb5 33.
Bc7 c4+ 34. Ke2 1-0

[Event "Benidorm 2003 - sub2300"]
[Site "Benidorm ESP"]
[Date "2003.11.21"]
[Round "1.72"]
[White "Andres Julia, Vicente Ramon"]
[Black "Morales Camacho, Julian"]
[Result "0-1"]
[WhiteElo "2047"]
[BlackElo "2183"]
[PlyCount "106"]
[EventDate "2003.11.21"]
[EventType "swiss"]
[EventRounds "9"]
[EventCountry "ESP"]
[Source "lmi"]
[SourceDate "2003.11.21"]

1. e4 d6 2. Nc3 Nf6 3. f4 c6 4. Nf3 Qa5 5. d3 Bg4 6. h3 Qh5 7. Be2 Bxf3 8. Bxf3
Qh4+ 9. Kf1 e5 10. Qe1 Qxe1+ 11. Kxe1 Na6 12. fxe5 dxe5 13. Be3 Bc5 14. Bxc5
Nxc5 15. Ne2 a5 16. Rf1 Rd8 17. Kf2 O-O 18. Kg1 Rfe8 19. g4 Ne6 20. h4 h6 21.
Rf2 Nd4 22. Nxd4 Rxd4 23. Raf1 Re7 24. g5 hxg5 25. hxg5 Nh7 26. Rg2 g6 27. Kf2
c5 28. Ke3 Red7 29. Be2 b5 30. Rd1 a4 31. Rgg1 Kg7 32. Rg2 R4d6 33. Rf1 Ra7 34.
Rgg1 a3 35. b3 Ra8 36. Rg2 Rh8 37. Rh1 Nf8 38. Rxh8 Kxh8 39. Bg4 b4 40. Bh3 Nh7
41. Bc8 Kg7 42. Bh3 Rd8 43. Rg3 Rh8 44. Bg2 Nf8 45. Bf3 Rh2 46. Rg2 Rxg2 47.
Bxg2 Ne6 48. Bh3 Nxg5 49. Bg4 Kf6 50. Kf2 Ne6 51. Kg3 Nd4 52. Bd1 Kg5 53. Kh3
Nb5 0-1

[Event "Benidorm 2003 - sub2300"]
[Site "Benidorm ESP"]
[Date "2003.11.21"]
[Round "1.73"]
[White "Villa Izquierdo, Roberto"]
[Black "Pla Ferreres, Ismael"]
[Result "1-0"]
[WhiteElo "2183"]
[BlackElo "2046"]
[PlyCount "95"]
[EventDate "2003.11.21"]
[EventType "swiss"]
[EventRounds "9"]
[EventCountry "ESP"]
[Source "lmi"]
[SourceDate "2003.11.21"]

1. d4 f5 2. g4 d5 3. g5 Nc6 4. f4 e6 5. Nf3 Nge7 6. e3 h6 7. gxh6 Rxh6 8. b3
Ng6 9. Ba3 Bxa3 10. Nxa3 Nh4 11. Ng5 e5 12. dxe5 Nxe5 13. Be2 c6 14. Qd4 Nhg6
15. O-O-O Qe7 16. Kb2 Nd7 17. c4 Nf6 18. cxd5 Nxd5 19. Bf3 Nc7 20. Rd2 Ne6 21.
Nxe6 Bxe6 22. Rhd1 Nf8 23. Nc4 Bxc4 24. Qxc4 Re6 25. Kb1 a5 26. Rd4 Rc8 27. e4
b5 28. Qc2 fxe4 29. Bg4 Kf7 30. Bxe6+ Qxe6 31. Rxe4 Qf6 32. Re5 Kg8 33. Qf5
Qxf5+ 34. Rxf5 Ne6 35. Rd6 Nd8 36. a4 bxa4 37. bxa4 c5 38. Ra6 Nb7 39. Kc2 Rd8
40. Ra7 Rd7 41. Kc3 Kh7 42. Re5 c4 43. Rf5 Nc5 44. Rxd7 Nxd7 45. Kxc4 Kg6 46.
Rxa5 Kf6 47. Rb5 Ke6 48. a5 1-0

[Event "Benidorm 2003 - sub2300"]
[Site "Benidorm ESP"]
[Date "2003.11.21"]
[Round "1.75"]
[White "Sanchez Criado, Lluis"]
[Black "Reves Balleste, Jose"]
[Result "1-0"]
[WhiteElo "2180"]
[BlackElo "2045"]
[PlyCount "125"]
[EventDate "2003.11.21"]
[EventType "swiss"]
[EventRounds "9"]
[EventCountry "ESP"]
[Source "lmi"]
[SourceDate "2003.11.21"]

1. d4 d6 2. c4 c5 3. d5 Nf6 4. Nc3 g6 5. e4 Bg7 6. Be2 O-O 7. Bg5 a6 8. Qd2 Bd7
9. a4 Qa5 10. Ra2 Bc8 11. h3 e6 12. Nf3 exd5 13. cxd5 Nbd7 14. O-O Re8 15. Qf4
h6 16. Bxh6 Bxh6 17. Qxh6 Nf8 18. Qf4 Qd8 19. Nd2 Qe7 20. Bf3 Rd8 21. Nc4 Ne8
22. b3 f6 23. Re2 Qg7 24. Rc1 g5 25. Qg3 Ng6 26. Bg4 Nf4 27. Re3 Rb8 28. Nb6
Bxg4 29. Qxg4 Qc7 30. a5 Qe7 31. h4 Ng6 32. hxg5 fxg5 33. Rg3 Qf6 34. Qxg5 Qxg5
35. Rxg5 Kf7 36. Rg3 Ng7 37. f4 Rh8 38. Nc4 Rbd8 39. Rf1 Rh4 40. e5 Nh5 41.
Rgf3 Ke7 42. Nxd6 Rxd6 43. exd6+ Kxd6 44. g3 Rg4 45. Kf2 Nf6 46. Re1 Nf8 47.
Rfe3 N6d7 48. Rd3 Nf6 49. Ne4+ Nxe4+ 50. Rxe4 Rg7 51. Re8 Rf7 52. Kf3 Nd7 53.
Re6+ Kc7 54. d6+ Kc6 55. Re7 Rf6 56. g4 Rh6 57. Rxd7 Kxd7 58. g5 Rh8 59. f5 b5
60. axb6 a5 61. g6 c4 62. bxc4 a4 63. g7 1-0

[Event "Benidorm 2003 - sub2300"]
[Site "Benidorm ESP"]
[Date "2003.11.21"]
[Round "1.77"]
[White "Cano Gimenez, Vicente"]
[Black "Khazankin, Moisei"]
[Result "1/2-1/2"]
[WhiteElo "2178"]
[BlackElo "2040"]
[PlyCount "73"]
[EventDate "2003.11.21"]
[EventType "swiss"]
[EventRounds "9"]
[EventCountry "ESP"]
[Source "lmi"]
[SourceDate "2003.11.21"]

1. c4 c5 2. Nf3 Nc6 3. d4 cxd4 4. Nxd4 g6 5. e4 Bg7 6. Be3 d6 7. Be2 Bd7 8. Nc3
Nf6 9. O-O O-O 10. Rc1 a6 11. Qd2 Nxd4 12. Bxd4 b5 13. f3 Qa5 14. Rfd1 b4 15.
Bxf6 Bxf6 16. Nd5 Qc5+ 17. Kh1 Kg7 18. Nxf6 Kxf6 19. Qh6 Bc6 20. h4 Rad8 21.
Rd2 e6 22. Rcd1 Ke7 23. Bf1 Rh8 24. Qg5+ f6 25. Qxc5 dxc5 26. Kg1 e5 27. Rxd8
Rxd8 28. Rxd8 Kxd8 29. Kf2 a5 30. Ke3 a4 31. Bd3 Ke7 32. g3 h6 33. Bf1 Bd7 34.
Bd3 g5 35. Be2 Be6 36. a3 Kd6 37. Kf2 1/2-1/2

[Event "Benidorm 2003 - sub2300"]
[Site "Benidorm ESP"]
[Date "2003.11.21"]
[Round "1.80"]
[White "Perez Cameselle, Francisco"]
[Black "Penillas Mendez, Ismael"]
[Result "0-1"]
[WhiteElo "2034"]
[BlackElo "2176"]
[PlyCount "160"]
[EventDate "2003.11.21"]
[EventType "swiss"]
[EventRounds "9"]
[EventCountry "ESP"]
[Source "lmi"]
[SourceDate "2003.11.21"]

1. Nf3 Nf6 2. d4 d5 3. g3 g6 4. Bg2 Bg7 5. O-O O-O 6. c4 c6 7. Qb3 Ne4 8. Nc3
dxc4 9. Qxc4 Nd6 10. Qd3 Na6 11. e4 Be6 12. b3 Nb4 13. Qe2 Bg4 14. Rd1 Qb6 15.
Be3 Qa6 16. Qd2 Qa5 17. h3 Bc8 18. Rac1 Qd8 19. Bh6 Na6 20. Bxg7 Kxg7 21. Qf4
Nc7 22. h4 h6 23. d5 cxd5 24. exd5 Nce8 25. Re1 Nf6 26. Qe5 Re8 27. h5 gxh5 28.
Nh4 Qb6 29. Ne4 Bg4 30. Nxd6 Qxd6 31. Qd4 Kf8 32. Qd2 Ng8 33. Be4 Red8 34. f3
Qxg3+ 35. Ng2 Bh3 36. Re2 f5 37. Bb1 Rd6 38. Kh1 Rg6 39. Nf4 Qxf3+ 40. Kh2 Rg4
41. Nxh3 Qg3+ 42. Kh1 Qxh3+ 43. Rh2 Qf3+ 44. Rg2 Rd8 45. Bxf5 Rxd5 46. Bxg4
hxg4 47. Qf2 Qxf2 48. Rxf2+ Nf6 49. Rc7 h5 50. Rxb7 h4 51. Rxa7 g3 52. Re2 h3
53. Re1 Ng4 54. Ra4 Nf2+ 55. Kg1 Rd2 56. Rf4+ Ke8 57. Rh4 h2+ 58. Kg2 Nd3+ 59.
Kxg3 Nxe1 60. a4 Rg2+ 61. Kf4 Nd3+ 62. Kf3 Rb2 63. a5 Nc5 64. b4 Rxb4 65. Rxh2
Ra4 66. Ke3 Rxa5 67. Kd4 Ne6+ 68. Ke4 Ng5+ 69. Kf4 Kf7 70. Rb2 Kg6 71. Rb6+ e6
72. Rb8 e5+ 73. Ke3 Ra3+ 74. Ke2 Kf5 75. Rb5 Nh3 76. Rb4 Nf4+ 77. Kd2 e4 78.
Rb5+ Kg4 79. Rb1 Ra2+ 80. Ke1 e3 0-1

[Event "Benidorm 2003 - sub2300"]
[Site "Benidorm ESP"]
[Date "2003.11.21"]
[Round "1.82"]
[White "Algaba Traspuesto, Jose Antonio"]
[Black "Mogranzini, Roberto"]
[Result "0-1"]
[WhiteElo "2028"]
[BlackElo "2172"]
[PlyCount "88"]
[EventDate "2003.11.21"]
[EventType "swiss"]
[EventRounds "9"]
[EventCountry "ESP"]
[Source "lmi"]
[SourceDate "2003.11.21"]

1. d4 Nf6 2. Nf3 g6 3. Bf4 Bg7 4. e3 d6 5. h3 O-O 6. Nbd2 c6 7. c3 Nbd7 8. Be2
Re8 9. O-O a5 10. a4 h6 11. Qc2 e5 12. dxe5 dxe5 13. Bh2 e4 14. Nd4 Nc5 15.
Rfd1 Nd5 16. N2b3 Nxb3 17. Nxb3 Qg5 18. Bg3 Nxe3 19. fxe3 Qxg3 20. Bc4 Qxe3+
21. Kh1 Qg3 22. Nd2 Bf5 23. Qb3 Re7 24. Nf1 Qf4 25. Rd2 Be5 26. Rad1 Kg7 27.
Kg1 e3 28. Re2 Bf6 29. Bd3 Rae8 30. Bxf5 Qxf5 31. Rde1 Qc5 32. Qc2 Bh4 33. g3
Bg5 34. Qd3 h5 35. Nh2 Qe5 36. Kg2 h4 37. Qd4 Qxd4 38. cxd4 hxg3 39. Kxg3 Re4
40. Nf3 Bf6 41. Kg2 Bxd4 42. Nxd4 Rxd4 43. Rxe3 Rxe3 44. Rxe3 Rd2+ 0-1

[Event "Benidorm 2003 - sub2300"]
[Site "Benidorm ESP"]
[Date "2003.11.21"]
[Round "1.83"]
[White "Stockmann, Helmut"]
[Black "Nicolaisen, Erik"]
[Result "1-0"]
[WhiteElo "2171"]
[BlackElo "2020"]
[PlyCount "87"]
[EventDate "2003.11.21"]
[EventType "swiss"]
[EventRounds "9"]
[EventCountry "ESP"]
[Source "lmi"]
[SourceDate "2003.11.21"]

1. c4 b6 2. Nc3 e6 3. e4 Bb7 4. Nge2 f5 5. d3 Bc5 6. d4 Bb4 7. exf5 Nf6 8. fxe6
O-O 9. a3 Ng4 10. f3 Bxc3+ 11. Nxc3 Qh4+ 12. g3 Qf6 13. Bg2 Qxe6+ 14. Qe2 Bxf3
15. Qxe6+ dxe6 16. O-O Bxg2 17. Rxf8+ Kxf8 18. Kxg2 Nd7 19. h3 Ngf6 20. Bf4 c6
21. Re1 Re8 22. Bd6+ Kf7 23. b4 c5 24. dxc5 bxc5 25. b5 Rc8 26. Nd1 Nb6 27. Ne3
Ne8 28. Rf1+ Nf6 29. g4 Kg6 30. a4 Ne4 31. Be5 Nd2 32. Rc1 Nd7 33. Bb2 Ne4 34.
Rd1 Ndf6 35. a5 h5 36. Be5 Re8 37. b6 axb6 38. axb6 Re7 39. Bc7 Nd7 40. b7 Nef6
41. b8=Q Nxb8 42. Bxb8 Rb7 43. Be5 Rb2+ 44. Bxb2 1-0

[Event "Benidorm 2003 - sub2300"]
[Site "Benidorm ESP"]
[Date "2003.11.21"]
[Round "1.84"]
[White "Hernandez Garcia, Maximo"]
[Black "Borras Duran, Pere"]
[Result "0-1"]
[WhiteElo "2015"]
[BlackElo "2170"]
[PlyCount "138"]
[EventDate "2003.11.21"]
[EventType "swiss"]
[EventRounds "9"]
[EventCountry "ESP"]
[Source "lmi"]
[SourceDate "2003.11.21"]

1. e4 e5 2. Nf3 Nf6 3. Nxe5 d6 4. Nf3 Nxe4 5. d4 d5 6. Bd3 Bd6 7. c4 c6 8. Nbd2
O-O 9. O-O Bf5 10. Re1 Nxf2 11. Kxf2 Bxd3 12. cxd5 cxd5 13. Qb3 Ba6 14. Nf1 Nc6
15. Bg5 f6 16. Bd2 Kh8 17. Ne3 Bf4 18. Rad1 Bxe3+ 19. Rxe3 Qd7 20. Rde1 Bc4 21.
Qc2 Rae8 22. b3 Rxe3 23. Rxe3 Ba6 24. Qc5 Rc8 25. Qa3 Qf5 26. Qc1 Nxd4 27. g4
Qxf3+ 28. Rxf3 Rxc1 29. Bxc1 Nxf3 30. Kxf3 Kg8 31. Be3 b6 32. g5 fxg5 33. Bxg5
Kf7 34. Ke3 Ke6 35. Kd4 Be2 36. Bf4 h6 37. Be5 g5 38. Bg7 h5 39. Bh6 g4 40. Bg5
Bd1 41. Bh4 Bc2 42. Bd8 Bb1 43. a3 Ba2 44. Kc3 Bb1 45. Kd4 Bc2 46. b4 Bb3 47.
Kc3 Bc4 48. a4 Ke5 49. Bh4 Ke4 50. Bf2 Kf3 51. Bg3 Ke3 52. a5 bxa5 53. bxa5 a6
54. Bh4 Kf3 55. Kd4 Kg2 56. Bg3 h4 57. Bxh4 Kxh2 58. Bf6 g3 59. Be5 Kh3 60. Ke3
g2 61. Kf2 Bf1 62. Kg1 Kg4 63. Kf2 Kf5 64. Bh2 Ke4 65. Bg1 Kd3 66. Ke1 d4 67.
Kd1 Kc3 68. Ke1 d3 69. Be3 Kc2 0-1

[Event "Benidorm 2003 - sub2300"]
[Site "Benidorm ESP"]
[Date "2003.11.21"]
[Round "1.86"]
[White "Llasera Brufau, Joan"]
[Black "Martin Martin, Luis Vicente"]
[Result "0-1"]
[WhiteElo "2007"]
[BlackElo "2168"]
[PlyCount "50"]
[EventDate "2003.11.21"]
[EventType "swiss"]
[EventRounds "9"]
[EventCountry "ESP"]
[Source "lmi"]
[SourceDate "2003.11.21"]

1. d4 Nf6 2. c4 e5 3. dxe5 Ng4 4. Nf3 Bc5 5. e3 Nc6 6. Be2 O-O 7. O-O Re8 8.
Nc3 Ncxe5 9. Nxe5 Nxe5 10. b3 a5 11. Bb2 Ra6 12. Qc2 Rh6 13. g3 d6 14. Nd5 c6
15. Nf4 Ng6 16. Nxg6 Rxg6 17. Bd3 Rh6 18. Bd4 Qg5 19. Bxc5 Qxc5 20. Be2 Bh3 21.
Rfe1 Bf5 22. Bd3 Bg4 23. e4 Rxh2 24. Bf1 Qh5 25. Bg2 Rxg2+ 0-1

[Event "Benidorm 2003 - sub2300"]
[Site "Benidorm ESP"]
[Date "2003.11.21"]
[Round "1.87"]
[White "Aalbersberg Kroon, Pedro"]
[Black "Fernandez Garcia, Ignacio"]
[Result "1-0"]
[WhiteElo "2165"]
[BlackElo "2006"]
[PlyCount "65"]
[EventDate "2003.11.21"]
[EventType "swiss"]
[EventRounds "9"]
[EventCountry "ESP"]
[Source "lmi"]
[SourceDate "2003.11.21"]

1. e4 d6 2. d4 g6 3. f4 Bg7 4. Nf3 Nf6 5. Nc3 a6 6. Bc4 O-O 7. e5 Ng4 8. h3 Nh6
9. Be3 Nf5 10. Bf2 b5 11. Bd5 c6 12. Be4 d5 13. Bd3 e6 14. g4 Ne7 15. O-O Nd7
16. Ne2 f5 17. exf6 Nxf6 18. Ng3 Qc7 19. Qd2 Nxg4 20. hxg4 Rxf4 21. Ne5 Bxe5
22. dxe5 Qxe5 23. Rae1 Qd6 24. Qe2 Bd7 25. Kg2 c5 26. Bxc5 Qxc5 27. Rxf4 Nc6
28. Ref1 e5 29. Rf7 Be6 30. R7f6 Qe7 31. Bxg6 hxg6 32. Rxg6+ Kh7 33. Rff6 1-0

[Event "Benidorm 2003 - sub2300"]
[Site "Benidorm ESP"]
[Date "2003.11.21"]
[Round "1.88"]
[White "Carrascosa Campos, Juan Luis"]
[Black "Montell Zabay, Alberto"]
[Result "1/2-1/2"]
[WhiteElo "2006"]
[BlackElo "2163"]
[PlyCount "70"]
[EventDate "2003.11.21"]
[EventType "swiss"]
[EventRounds "9"]
[EventCountry "ESP"]
[Source "lmi"]
[SourceDate "2003.11.21"]

1. d4 Nf6 2. Nf3 g6 3. e3 Bg7 4. Nbd2 O-O 5. Bd3 d6 6. O-O Nc6 7. c3 e5 8. dxe5
dxe5 9. Ne4 Qe7 10. Nxf6+ Bxf6 11. e4 Be6 12. Qe2 a6 13. Bc4 Rad8 14. Be3 Rd7
15. Bxe6 Qxe6 16. b3 Rfd8 17. Rad1 Kg7 18. Rxd7 Qxd7 19. Rc1 Be7 20. h3 f6 21.
Rc2 b5 22. Rd2 Qe6 23. Rxd8 Nxd8 24. Qd3 c6 25. Nd2 Nb7 26. c4 Bc5 27. Bxc5
Nxc5 28. Qe3 Qd6 29. cxb5 cxb5 30. b4 Nd7 31. a3 Nb6 32. Kf1 Nc4 33. Nxc4 Qd1+
34. Qe1 Qd3+ 35. Qe2 Qb1+ 1/2-1/2

[Event "Benidorm 2003 - sub2300"]
[Site "Benidorm ESP"]
[Date "2003.11.21"]
[Round "1.90"]
[White "Amat Tarruella, Albert"]
[Black "Sanz Montarelo, Teodoro"]
[Result "0-1"]
[WhiteElo "2003"]
[BlackElo "2160"]
[PlyCount "46"]
[EventDate "2003.11.21"]
[EventType "swiss"]
[EventRounds "9"]
[EventCountry "ESP"]
[Source "lmi"]
[SourceDate "2003.11.21"]

1. e4 c5 2. Nc3 Nc6 3. g3 g6 4. Bg2 Bg7 5. d3 d6 6. Nge2 Nf6 7. O-O O-O 8. f4
Rb8 9. h3 Bd7 10. Be3 b5 11. Qd2 e6 12. Kh2 Qe7 13. Rae1 Ne8 14. f5 b4 15. Nd1
Ne5 16. g4 exf5 17. exf5 Bc6 18. Bxc6 Nxc6 19. Bh6 Ne5 20. Bxg7 Kxg7 21. Nf4
Qh4 22. Ne3 Nf6 23. Qf2 Nexg4+ 0-1

[Event "Benidorm 2003 - sub2300"]
[Site "Benidorm ESP"]
[Date "2003.11.21"]
[Round "1.91"]
[White "Fabre Massana, Miquel"]
[Black "Ingunza Lopez, Txema"]
[Result "1/2-1/2"]
[WhiteElo "2159"]
[BlackElo "1997"]
[PlyCount "81"]
[EventDate "2003.11.21"]
[EventType "swiss"]
[EventRounds "9"]
[EventCountry "ESP"]
[Source "lmi"]
[SourceDate "2003.11.21"]

1. e4 c5 2. Nf3 e6 3. d4 cxd4 4. Nxd4 a6 5. c4 Nf6 6. Bd3 Nc6 7. Be3 Qc7 8. O-O
Ne5 9. h3 Bc5 10. Nc3 d6 11. Rc1 O-O 12. Nc2 Rd8 13. Be2 Bd7 14. b4 Bxe3 15.
Nxe3 Qb6 16. a3 Bc6 17. Bf3 Rac8 18. Qe2 Qd4 19. Rfd1 Nxf3+ 20. Qxf3 Qe5 21.
Ng4 Nxg4 22. Qxg4 h5 23. Qe2 b5 24. cxb5 Bxb5 25. Nxb5 axb5 26. Qe3 Rxc1 27.
Rxc1 Ra8 28. Rc3 d5 29. exd5 Qxd5 30. Qc5 Qxc5 31. Rxc5 Rxa3 32. Rxb5 Ra1+ 33.
Kh2 Rb1 34. Kg3 Kf8 35. Rb7 g5 36. b5 Rb3+ 37. Kh2 Kg7 38. Rb8 Kf6 39. g3 h4
40. gxh4 gxh4 41. b6 1/2-1/2

[Event "Benidorm 2003 - sub2300"]
[Site "Benidorm ESP"]
[Date "2003.11.21"]
[Round "1.92"]
[White "De Lagontrie, Jean"]
[Black "Lopez Pereyra, Antonio"]
[Result "0-1"]
[WhiteElo "1993"]
[BlackElo "2159"]
[PlyCount "104"]
[EventDate "2003.11.21"]
[EventType "swiss"]
[EventRounds "9"]
[EventCountry "ESP"]
[Source "lmi"]
[SourceDate "2003.11.21"]

1. d4 Nf6 2. c4 e6 3. Nc3 c5 4. d5 exd5 5. cxd5 d6 6. e4 a6 7. a4 g6 8. f4 Bg7
9. Nf3 O-O 10. Be2 Re8 11. e5 dxe5 12. fxe5 Ng4 13. O-O Nxe5 14. Bf4 Nbd7 15.
d6 Nxf3+ 16. Bxf3 Ne5 17. Qd5 Bd7 18. Rae1 Bc6 19. Qd1 Nxf3+ 20. gxf3 Bd4+ 21.
Kg2 Qd7 22. h3 Qf5 23. Qd2 Rxe1 24. Rxe1 g5 25. Bg3 Qxf3+ 26. Kh2 h6 27. Qe2
Qf5 28. Qg4 Qxg4 29. hxg4 Bxc3 30. bxc3 Bxa4 31. Re7 Bc6 32. Bf2 c4 33. Bb6 Kf8
34. Bc5 Rd8 35. Rc7 Kg7 36. Kg3 Kg6 37. Kf2 f5 38. gxf5+ Kxf5 39. Rh7 Kg6 40.
Re7 h5 41. Re6+ Kf5 42. Rh6 h4 43. Bb6 Rd7 44. Be3 Kg4 45. Rg6 Rf7+ 46. Kg1 Rf5
47. Rg7 Rd5 48. Bxg5 Rxg5 49. d7 Bxd7 50. Rxd7 Kg3 51. Rxb7 Kh3+ 52. Kh1 Rb5
0-1

[Event "Benidorm 2003 - sub2300"]
[Site "Benidorm ESP"]
[Date "2003.11.21"]
[Round "1.93"]
[White "Guez, Fabien"]
[Black "Peters, Paul"]
[Result "0-1"]
[WhiteElo "2158"]
[BlackElo "1987"]
[PlyCount "67"]
[EventDate "2003.11.21"]
[EventType "swiss"]
[EventRounds "9"]
[EventCountry "ESP"]
[Source "lmi"]
[SourceDate "2003.11.21"]

1. e4 e5 2. d4 exd4 3. Nf3 Bc5 4. Bc4 Nc6 5. c3 d3 6. Qxd3 d6 7. O-O Be6 8.
Bxe6 fxe6 9. Ng5 Qd7 10. Qh3 Nd8 11. Nd2 e5 12. Qxd7+ Kxd7 13. Nc4 h6 14. Nh3
Nf6 15. b4 Bb6 16. a4 a6 17. Nxb6+ cxb6 18. f3 Rc8 19. Bd2 Ne6 20. Rac1 g5 21.
Be3 Rc4 22. Nf2 Rhc8 23. Bd2 Nf4 24. Bxf4 gxf4 25. Nd3 Ke7 26. Kf2 Rxc3 27.
Rfe1 Rxc1 28. Rxc1 Rxc1 29. Nxc1 Ke6 30. Ke2 d5 31. exd5+ Nxd5 32. Na2 a5 33.
bxa5 bxa5 34. Kd3 0-1

[Event "Benidorm 2003 - sub2300"]
[Site "Benidorm ESP"]
[Date "2003.11.21"]
[Round "1.99"]
[White "Pizarro Segura, Eduardo"]
[Black "Coves Sepulcre, Laureano"]
[Result "1/2-1/2"]
[WhiteElo "2147"]
[BlackElo "1957"]
[PlyCount "47"]
[EventDate "2003.11.21"]
[EventType "swiss"]
[EventRounds "9"]
[EventCountry "ESP"]
[Source "lmi"]
[SourceDate "2003.11.21"]

1. d4 d5 2. Nf3 Nf6 3. Bg5 Nbd7 4. Nbd2 e6 5. e3 c5 6. c3 a6 7. Bd3 cxd4 8.
cxd4 Bb4 9. O-O O-O 10. Rc1 b5 11. Ne5 Bb7 12. Nxd7 Qxd7 13. Bxf6 gxf6 14. Qg4+
Kh8 15. Qh4 f5 16. Qf6+ Kg8 17. Nb3 Be7 18. Nc5 Qe8 19. Qh6 Rb8 20. f4 Kh8 21.
Rf3 Rg8 22. Rh3 Rg7 23. Rg3 Qg8 24. Rxg7 1/2-1/2

[Event "Benidorm 2003 - sub2300"]
[Site "Benidorm ESP"]
[Date "2003.11.22"]
[Round "2.1"]
[White "Yepes Martinez, Eduardo"]
[Black "Gabaldon Gomez, Miguel Angel"]
[Result "1/2-1/2"]
[WhiteElo "2298"]
[BlackElo "2186"]
[PlyCount "92"]
[EventDate "2003.11.21"]
[EventType "swiss"]
[EventRounds "9"]
[EventCountry "ESP"]
[Source "lmi"]
[SourceDate "2003.11.21"]

1. d4 Nf6 2. c4 g6 3. Nc3 Bg7 4. e4 d6 5. f4 O-O 6. Nf3 c5 7. d5 e6 8. Be2 exd5
9. cxd5 Re8 10. Nd2 Na6 11. O-O Bd7 12. a4 Nb4 13. Bf3 h5 14. f5 Nh7 15. Nc4
Bd4+ 16. Kh1 Qb8 17. Ne2 b5 18. Ne3 Be5 19. Nc2 Nxc2 20. Qxc2 bxa4 21. Nf4 Nf8
22. Ra3 Bb5 23. Rf2 Qd8 24. Qd1 Qh4 25. g3 Qe7 26. g4 h4 27. g5 gxf5 28. Nh5
fxe4 29. Be2 Bd7 30. Bg4 Ng6 31. Nf6+ Bxf6 32. gxf6 Bxg4 33. Qxg4 Qe5 34. Rh3
Qxd5 35. Be3 Qd3 36. Qg5 Re6 37. Qh6 Qd1+ 38. Kg2 Rxf6 39. Rxf6 Qg4+ 40. Kf2
Rb8 41. Bc1 Qxh3 42. Rxg6+ fxg6 43. Qxg6+ Kh8 44. Qh6+ Kg8 45. Qg6+ Kh8 46.
Qh6+ Kg8 1/2-1/2

[Event "Benidorm 2003 - sub2300"]
[Site "Benidorm ESP"]
[Date "2003.11.22"]
[Round "2.2"]
[White "Morales Camacho, Julian"]
[Black "Rouzaud, Philippe"]
[Result "1/2-1/2"]
[WhiteElo "2183"]
[BlackElo "2284"]
[PlyCount "121"]
[EventDate "2003.11.21"]
[EventType "swiss"]
[EventRounds "9"]
[EventCountry "ESP"]
[Source "lmi"]
[SourceDate "2003.11.21"]

1. d4 d5 2. Nf3 e6 3. Bf4 Bd6 4. Bxd6 Qxd6 5. Nbd2 Nf6 6. e3 O-O 7. Ne5 b6 8.
c3 c5 9. Bd3 Ba6 10. Bxa6 Nxa6 11. O-O Nb8 12. Qa4 Rc8 13. Qa3 Nfd7 14. Ndf3
Qf8 15. Rfc1 Nxe5 16. Nxe5 f6 17. Nf3 c4 18. Qxf8+ Kxf8 19. Re1 Nc6 20. e4 Re8
21. exd5 exd5 22. Kf1 b5 23. Rxe8+ Kxe8 24. a3 Kf7 25. Ne1 a5 26. Nc2 Rb8 27.
Ke2 Ke6 28. Kd2 Kd6 29. Re1 g6 30. h4 Ne7 31. g3 Nf5 32. Kc1 Nh6 33. Re2 Ng4
34. Ne3 Nh6 35. Ng2 Nf5 36. Ne3 Ng7 37. Nc2 Re8 38. Kd2 Rxe2+ 39. Kxe2 Ne6 40.
Kf3 Nf8 41. Kf4 Ke6 42. Ne3 Nd7 43. g4 Nb6 44. Nd1 Nc8 45. Ne3 Ne7 46. f3 Nc6
47. Nc2 Kd6 48. Ke3 a4 49. Kf4 Na5 50. Na1 Ke6 51. Ke3 h6 52. Nc2 Nb3 53. Nb4
Kd6 54. f4 Ke6 55. Nc6 Nc1 56. Nb4 Kd6 57. Kd2 Nb3+ 58. Ke3 Na5 59. f5 g5 60.
h5 Nb3 61. Ke2 1/2-1/2

[Event "Benidorm 2003 - sub2300"]
[Site "Benidorm ESP"]
[Date "2003.11.22"]
[Round "2.3"]
[White "Renteria Becerra, Jorge Eliecer"]
[Black "Villa Izquierdo, Roberto"]
[Result "1-0"]
[WhiteElo "2281"]
[BlackElo "2183"]
[PlyCount "59"]
[EventDate "2003.11.21"]
[EventType "swiss"]
[EventRounds "9"]
[EventCountry "ESP"]
[Source "lmi"]
[SourceDate "2003.11.21"]

1. d4 Nf6 2. Nc3 d5 3. Bg5 Bf5 4. e3 h6 5. Bh4 e6 6. Bd3 Bxd3 7. cxd3 c5 8.
dxc5 Bxc5 9. d4 Bb4 10. Nge2 a6 11. O-O O-O 12. a3 Be7 13. Bxf6 Bxf6 14. Na4
Be7 15. b4 Nd7 16. Nf4 Bd6 17. Nd3 b5 18. Nac5 Nb6 19. g3 Qe7 20. Qe2 f5 21. a4
g5 22. axb5 axb5 23. Ra5 Na4 24. Qh5 Kg7 25. Rxb5 Ra7 26. Ra1 Rfa8 27. Rxa4
Rxa4 28. Rb7 Ra1+ 29. Kg2 Bc7 30. Rxc7 1-0